| Поле | Инд. | ПП | Название | Значение |
|---|---|---|---|---|
| Тип записи | a | |||
| Библиографический уровень | m | |||
| 001 | Контрольный номер | 7ba032c8ca9542e3914fa510b2f53fe5 | ||
| 005 | Дата корректировки | 20260526112132.8 | ||
| 040 | a | Служба первич. каталог. | 10013504 | |
| b | Код языка каталог. | rus | ||
| e | Правила каталог. | PSBO | ||
| 041 | 0_ | a | Код языка текста | rus |
| 084 | a | Индекс другой классификации/Индекс ББК | доп. | |
| 090 | a | Полочн. индекс | 621.9 | |
| x | Авторский знак | С 512 | ||
| r | Идентификатор организации | 10013504 | ||
| 100 | 1_ | a | Автор | Смолин В.Д. |
| 245 | 10 | a | Заглавие | Расчет оптимальных режимов резания при точении с учетом заданной точности и жесткости системы СПИД |
| b | Продолж. заглавия | автореферат диссертации ... кандидата технических наук : специальность 05.03.03 - Обработка металлов резанием | ||
| c | Ответственность | науч. рук. Л.П. Медведев; Куйбышевский политехнический институт им.В.В.куйбышева | ||
| 260 | c | Дата издания | 1975 | |
| 300 | a | Объем | 20 с. | |
| 653 | 0_ | a | Ключевые слова | АВТОРЕФЕРАТЫ |
| 700 | 12 | a | Другие авторы | Медведев Л.П. |
| e | Роль лиц | Научный руководитель | ||
| 901 | t | Тип документа | r | |
| 952 | a | Тип литературы для КСУ ВШ | БАНР | |
| d | Специальность | 05.03.03 Обработка металлов резанием | ||
| c | Вид литературы | автореферат |